Дело о выкупе земельных наделов временнообязанными крестьянами Е.И. Тимофеевой сельца Сумерок Темниковского уезда Тамбовской губ...

Доступно только в Электронных читальных залах Найти на картеНа карте
RUSMARC
00003909nmc2a2200000 x 450
0011626c606-f89e-4cf2-acae-e7c9d3d00afe
00520151216120027.0
100##$a20140416l18651866k l0rusy0189 ca
1010#$arus
102##$aRU
2001#$aДело о выкупе земельных наделов временнообязанными крестьянами Е.И. Тимофеевой сельца Сумерок Темниковского уезда Тамбовской губернии
$j29 июля 1865 г. - 3 февраля 1866 г.
251##$cДело
300##$aДело
300##$aОриг. заголовок дела: Дело Тимофеевой Е.И. Тамбовской губернии Темниковского уезда сельца Сумерок. 29 июля 1865 г. - 3 февраля 1866 г
801#0$aRU
$bРГИА
$c20140416
$gRCR
801#1$aRU
$bГлавНИВЦ
$c20140416
$2rusmarc
801#2$aRU
$bПБ им. Б.Н. Ельцина
$c20151216
$gRCR
$2rusmarc
850##$aРГИА
852##$aРГИА
$eФедеральное казенное учреждение "Российский государственный исторический архив" (РГИА)
$j1957
937##$hРГИА
$d11114598
$aASBIBLIO_SCAN
462#0$10017c5e74c9-979b-46fc-b2dd-52a15592f082
$12001
$a1863-1889 гг.
$1251
$cОпись
$1852
$j40
461#0$10018ef30ad5-ff5c-4840-a721-74c62a200f95
$12001
$aГлавное выкупное учреждение Министерства финансов
$1251
$cФонд
$1852
$j577
215##$a30 л.
$d36,5х26 см
371##$aДокумент не является опубликованным и широко распространяемым
105##$ay###
1222#$ad
5171#$aДело Тимофеевой Е.И. Тамбовской губернии Темниковского уезда сельца Сумерок. 29 июля 1865 г. - 3 февраля 1866 г
035##$a1626c606-f89e-4cf2-acae-e7c9d3d00afe
Формат отображения